| 000 | 01182nam a2200313 i 4500 | ||
|---|---|---|---|
| 001 | 179625 | ||
| 003 | ES-MaACL | ||
| 005 | 20250819063111.0 | ||
| 008 | 111226s2010 sp aceo |||| |dspa d | ||
| 020 | _a978-84-87744-52-5 | ||
| 080 | _a792(083.97) | ||
| 100 | 1 |
_aCaballero, Ernesto, _d1957- _933077 |
|
| 245 | 1 | 0 |
_aEn la roca / _cde Ernesto Caballero ; dirección, Ignacio García. |
| 250 | _a1ª ed. | ||
| 260 |
_aMadrid : _bTeatro Español, _c2010. |
||
| 300 |
_a227 p. : _bil. col. y n., planos, retr. ; _c20 x 20 cm. |
||
| 490 | 1 |
_aCuadernos del Teatro Español ; _v28 |
|
| 505 | 8 |
_aContiene: ; _tLos viejos retratos / _rErnesto Caballero. -- _tEl ileso novio de la muerte / _rEliseo Bayo |
|
| 600 | 1 | 4 |
_aCaballero, Ernesto, _d1957- _933077 |
| 650 | 7 |
_aTeatro- _xProgramas. _9145288 |
|
| 700 | 1 |
_aGarcía May, Ignacio, _d1965- _9148858 |
|
| 710 | 2 |
_aTeatro Español (Madrid) _9143020 |
|
| 740 | 4 | 2 | _aLos viejos retratos. |
| 740 | 3 | 2 | _aEl ileso novio de la muerte. |
| 830 | 0 |
_aCuadernos del Teatro Español ; _v28 _9189460 |
|
| 852 |
_aES-MaACL _jA-11769 _9186522 _bR.146413 _cDEPO1 _dOlim: N-4774 |
||
| 942 |
_2udc _cMONOGRAFIA |
||
| 999 |
_c179625 _d179625 |
||